000 00773nam a22001817a 4500
008 110911t xxu||||| |||| 00| 0 ara d
082 _222
_a320.9
_bت ه ا
100 _927099
_aالتهامي ، حسن
245 _aمعركة الحزام الذهبي الأولى /
_cحسن التهامي ، محمد الطويل
260 _a[د.م] :
_bالمؤلفين ، 1990
_c1990
300 _a302 ص ؛
_c24 سم
650 _915920
_aالبترول
_xالجوانب السياسية
650 _914953
_aحرب أكتوبر 1973م
_zمصر
653 _bPol
700 _926617
_aالطويل ، محمد
942 _2ddc
_cBB
999 _c15986
_d15986